Strategia udziału przedsiębiorstwa w targach

Guardado en:
Detalles Bibliográficos
Autor principal: Szromnik, Andrzej
Formato: Capítulo de libro
Lenguaje:polaco
Materias:
Etiquetas: Agregar Etiqueta
Sin Etiquetas, Sea el primero en etiquetar este registro!

MARC

LEADER 00000naa$a2200000$$$4500
001 0033741
005 20221207121607.3
041 0 |a pol 
044 |a SK 
245 1 0 |a Strategia udziału przedsiębiorstwa w targach  |c Andrzej Szromnik 
610 2 0 |a stratégia marketingová 
610 2 0 |a trhy 
610 2 0 |a výstavy 
610 2 0 |a firmy 
610 2 0 |a prezentácia firemná 
100 1 |a Szromnik, Andrzej